Catàleg del Col·legi de Periodistes de Catalunya

Manuel Duran i Bas (Registre núm. 2737)

000 -CABECERA
Longitud fija campo de control 00413naa a2200157 a 4500
001 - NÚMERO DE CONTROL
Número de control 2737
003 - IDENTIFICADOR DEL NÚMERO DE CONTROL
Identificador del número de control CDMR
005 - FECHA Y HORA DE LA ÚLTIMA TRANSACCIÓN
Fecha y hora de la última transacción 20130116135235.0
008 - CÓDIGOS DE INFORMACIÓN DE LONGITUD FIJA
Códigos de información de longitud fija 130130s ||||||||||||r|||||||||||||||d
040 ## - FUENTE DE LA CATALOGACIÓN
Centro catalogador de origen CDMR
Lengua de catalogación cat
Centro transcriptor CDMR
100 1# - PUNTO DE ACCESO PRINCIPAL-NOMBRE DE PERSONA
Nombre de persona Bertran i Pijoan, Lluís
9 (RLIN) 2057
245 10 - MENCIÓN DE TÍTULO
Título Manuel Duran i Bas
600 14 - PUNTO DE ACCESO ADICIONAL DE MATERIA - NOMBRE DE PERSONA
Nombre de persona Duran i Bas, Manuel
9 (RLIN) 2058
773 0# - ENLACE AL DOCUMENTO FUENTE
Encabezamiento principal
Título Anuari de la Prensa Diaria
Parte(s) relacionada(s) Año I, 1923, p.85-92
942 ## - ENTRADA DE ELEMENTOS AGREGADOS (KOHA)
Koha [por defecto] tipo de item Capítols
Fons
Suprimido Perdido Estropeado No para préstamo Localización permanente Localización actual Fecha adquisición Préstamos totales Código de barras Fecha última consulta Fecha del precio de reemplazo Tipo de item de Koha
        Centre de Documentació Montserrat Roig Centre de Documentació Montserrat Roig 2013-01-16   45441420130116125143 2013-01-16 2013-01-16 Capítols

Implantat amb Koha